| 000 | 00810nam a2200217 i 4500 | ||
|---|---|---|---|
| 001 | 109426 | ||
| 003 | ES-MaACL | ||
| 005 | 20250822143016.0 | ||
| 007 | t| | ||
| 008 | 061121s1915 sp r ||||1| spa d | ||
| 100 | 1 |
_aMúgica, Serapio. _9130363 |
|
| 245 | 1 | 3 |
_aEl blasón de Guipúzcoa / _cmonografía escrita por D. Serapio de Múgica ; [informe del cronista de las provincias Vascongados D. Carmelo de Echegaray]. |
| 260 |
_a[s.l.] : _b[s.n.], _c1915. |
||
| 300 |
_aXVII, 96 p., 1 h., 5 lám. ; _c20 cm. |
||
| 500 | _aMonografía impresa por acuerdo de la Diputación de Guipúzcoa. | ||
| 500 | _aLa fecha consta al fin del Informe. | ||
| 650 | 4 |
_aHeráldica- _zGuipúzcoa. _9153903 |
|
| 700 | 1 |
_aEchegaray, Carmelo de, _d1865-1925 _946523 |
|
| 852 |
_aES-MaACL _j1496-F-9 |
||
| 999 |
_c109426 _d109426 |
||